Statistics for Flag Quiz - Provinces of Spain (Hard)

Click here to take the quiz!

General Stats

  • This quiz has been taken 66 times
  • The average score is 15 of 43

Answer Stats

Answer% Correct
Balearic Islands
83%
Barcelona
74%
Asturias
71%
La Rioja
71%
Murcia
71%
Madrid
69%
Girona
67%
Cantabria
64%
Navarre
60%
Pontevedra
60%
Tarragona
57%
León
48%
Granada
40%
Seville
40%
Jaén
36%
Zaragoza
36%
Cádiz
33%
Huesca
33%
Teruel
33%
Valladolid
33%
Málaga
31%
Toledo
31%
Cuenca
29%
Almería
26%
Lugo
26%
Ourense
26%
Burgos
24%
Huelva
24%
Biscay
21%
Segovia
21%
Álava
19%
Badajoz
19%
Gipuzkoa
19%
Cáceres
17%
Córdoba
17%
Palencia
17%
Lleida
14%
Albacete
12%
Salamanca
12%
Soria
12%
Ávila
10%
Ciudad Real
10%
Guadalajara
10%

Score Distribution

Percentile by Number Answered

Percent of People with Each Score

Your Score History

You have not taken this quiz